LA NATURALEZA DEL JUICIO /

Guardat en:
Dades bibliogràfiques
Autor principal: Moore, George Edward (autor)
Format: Llibre
Col·lecció:OPUSCULA PHILOSOPHICA ; 7
Matèries:
Etiquetes: Afegir etiqueta
Sense etiquetes, Sigues el primer a etiquetar aquest registre!

MARC

LEADER 00000nam^a2200000^a^4500
001 000247994
005 20250521000000.0
009 20260310105633.85
020 |a 84-7490-661-X 
035 |a 071766 
037 |a Acervo Xavier Clavigero 
082 |a 146. 4  |b MOO 
100 |a Moore, George Edward  |e (autor) 
245 1 3 |a LA NATURALEZA DEL JUICIO /  |c G.E. MOORE ; TR. ANGEL D'ORS 
264 |a MADRID :  |b ENCUENTRO,  |c 2002 
300 |a 54 p. 
336 |a texto  |b txt  |2 rdacontenido 
337 |a sin mediación  |b n  |2 rdamedio 
338 |a volumen  |b nc  |2 rdasoporte 
440 |a OPUSCULA PHILOSOPHICA ;  |v 7 
649 |a XX 
650 |a Filosofía Analítica 
650 |a Juicio (Lógica) -  |x Teoría 
650 |a LOGICA. 
910 |a Fondo General 
920 |a Impresos - Libros 
930 |a Colección General 
905 |a 101 
901 |a 071766  |b IT1  |c ACC  |i 071766  |u 20250521 
902 |a https://opac.biblio.iteso.mx/vufind/Record/000247994